Kluby Serie A 2025/26 - Statystyki

Ogólne statystyki
  • Ten quiz został rozwiązany 73 razy
    68 od ostatniego zresetowania
  • Średni wynik to 16 z 20
Statystyki odpowiedzi
nr nazwa % Poprawnych
4. Juventus
100%
2. AC Milan
98%
5. AS Roma
98%
1. Inter
98%
3. Napoli
97%
18. Fiorentina
92%
8. Lazio
83%
11. Sassuolo
82%
7. Atalanta
80%
6. Como
80%
20. Hellas Verona
77%
13. Torino
77%
10. Bologna
72%
19. Pisa
70%
14. Genoa
65%
12. Cagliari
63%
9. Udinese
60%
15. Cremonese
58%
17. Lecce
58%
16. Parma
52%
Nie znaleziono quizów pasujących do podanych kryteriów
Rozkład punktacji
Procent ludzi z każdym wynikiem
Percentyl według liczby udzielonych odpowiedzi
Twoja historia wyników
Nie rozwiązałeś tego quizu od ostatniego zresetowania